Statistics for Top 25 Trading Partners - Russia

Click here to take the quiz!

General Stats

  • This quiz has been taken 55 times
  • The average score is 44 of 50

Answer Stats

HintAnswer% Correct
1st Place: 56,019China
100%
1st Place: 52,217China
100%
11th Place: 12,440Japan
98%
7th Place: 8,821Japan
98%
9th Place: 5,463Ukraine
98%
14th Place: 9,521Ukraine
98%
13th Place: 4,037United Kingdom
98%
13th Place: 9,769United Kingdom
98%
12th Place: 11,370Finland
96%
18th Place: 3,382Finland
96%
3rd Place: 34,184Germany
96%
2nd Place: 25,510Germany
96%
16th Place: 7,781France
94%
6th Place: 9,561France
94%
6th Place: 17,824South Korea
94%
8th Place: 7,009South Korea
94%
4th Place: 22,779Belarus
92%
3rd Place: 12,906Belarus
92%
21st Place: 2,470Brazil
92%
10th Place: 5,295Kazakhstan
92%
9th Place: 12,923Kazakhstan
92%
17th Place: 3,397Spain
92%
5th Place: 21,312Turkey
92%
12th Place: 4,227Turkey
92%
10th Place: 12,569United States of America
92%
4th Place: 12,690United States of America
92%
17th Place: 7,751India
90%
19th Place: 3,224India
90%
8th Place: 16,400Italy
90%
5th Place: 10,580Italy
90%
2nd Place: 43,450Netherlands
90%
15th Place: 3,693Netherlands
90%
11th Place: 5,141Poland
90%
7th Place: 16,607Poland
90%
24th Place: 2,222Sweden
90%
22nd Place: 2,470Belgium
88%
15th Place: 9,211Belgium
88%
20th Place: 4,821Latvia
84%
25th Place: 4,224Lithuania
84%
14th Place: 3,775Czech Republic
80%
19th Place: 4,896Czech Republic
80%
18th Place: 7,062Egypt
78%
20th Place: 2,624Switzerland
76%
24th Place: 4,648Switzerland
76%
25th Place: 2,192Slovakia
71%
23rd Place: 2,413Austria
69%
21st Place: 4,801Algeria
67%
22nd Place: 4,801Hungary
67%
16th Place: 3,624Vietnam
63%
23rd Place: 4,664Malta
10%

Score Distribution

Percentile by Number Answered

Percent of People with Each Score

Your Score History

You have not taken this quiz